Valuation of life insurance liabilities

Uloženo v:
Podrobná bibliografie
Hlavní autoři: Tullis, Mark A (Autor), Polkinghorn, Philip K (Autor)
Médium: Kniha
Jazyk:angličtina
Vydáno: Winchester ACTEX Publications 1992
Vydání:2a. ed
Témata:
Tagy: Přidat tag
Žádné tagy, Buďte první, kdo vytvoří štítek k tomuto záznamu!

MARC

LEADER 00000nam a2200000 a 4500
001 UCZ4364
003 CL-VaPUC
008 951109e19920000US |||||||||||||||||eng|d
082 0 4 |a 368.3  |b TUL  |2 21 
100 0 |a Tullis, Mark A  |e author  |9 348338 
700 0 |a Polkinghorn, Philip K  |e author  |9 348339 
245 1 0 |a Valuation of life insurance liabilities 
250 |a 2a. ed 
300 |a 186 p 
942 |c BK 
945 |d 19951109 00:00:00  |a rbrito 
260 |a Winchester  |b ACTEX Publications  |c 1992 
650 7 |a SEGUROS  |2 CL-VaPUC  |9 348340 
650 0 |a Seguro de vida  |9 762928 
650 0 |a Seguridad social  |9 255322 
651 0 |a Estados Unidos  |9 255178 
651 7 |a CANADA  |2 CL-VaPUC  |9 348342 
583 |a last modification  |c 20130401 10:47:28  |k Rodrigo Vera 
999 |c 240767  |d 240765 
952 |0 0  |1 0  |4 0  |6 368_300000000000000_TUL_1992  |7 0  |8 A  |9 252791  |a BIBGIM  |b BIBGIM  |d 2019-11-18  |i 3147649  |o 368.3 TUL 1992  |p 3147649  |r 2025-01-15  |w 2019-11-18  |y BK  |k EST